[Event "European Blitz-ch 2018"]
[Site "Skopje"]
[Date "2018.12.06"]
[Round "9"]
[White "Markoja, Boris"]
[Black "Bizopoulos, Alexandros"]
[Result "1-0"]
[WhiteElo "2430"]
[BlackElo "2060"]
[Annotator "RC"]
[PlyCount "67"]
[EventDate "2018.12.06"]
[EventType "swiss"]
[EventCountry "MKD"]
[TimeControl "180+2"]

1. d4 {[%emt 0:00:01]} Nf6 {[%emt 0:00:01]} 2. c4 {[%emt 0:00:01]} e5 {[%emt 0:00:01]} 3. dxe5 {[%emt 0:00:03]} Ng4 {[%emt 0:00:01]} 4. Nf3 {[%emt 0:00:02]} Nc6 {[%emt 0:00:02]} 5. Nc3 {[%emt 0:00:02]} Ngxe5 {[%emt 0:00:11]} 6. e3 {[%emt 0:00:01]} Bb4 {[%emt 0:00:05]} 7. Bd2 {[%emt 0:00:04]} O-O {[%emt 0:00:05]} 8. Be2 {[%emt 0:00:01]} d6 {[%emt 0:00:04]} 9. O-O {[%emt 0:00:02]} Re8 {[%emt 0:00:04]} 10. a3 {[%emt 0:00:06]} Bxc3 11. Bxc3 {[%emt 0:00:01]} Nxf3+ {[%emt 0:00:16]} 12. Bxf3 {[%emt 0:00:02]} Ne5 {[%emt 0:00:03]} 13. Be2 {[%emt 0:00:01]} Qh4 {[%emt 0:00:24]} 14. Qd4 {[%emt 0:00:22]} Qxd4 {[%emt 0:00:04]} 15. Bxd4 {[%emt 0:00:10]} Bg4 {[%emt 0:00:30]} 16. f3 {[%emt 0:00:08]} Be6 {[%emt 0:00:05]} 17. Rac1 {[%emt 0:00:03]} Nc6 {[%emt 0:00:07]} 18. Bc3 {[%emt 0:00:05]} Rad8 {[%emt 0:00:03]} 19. Kf2 {[%emt 0:00:04]} d5 {[%emt 0:00:14]} 20. cxd5 {[%emt 0:00:03]} Bxd5 {[%emt 0:00:02]} 21. b4 {[%emt 0:00:07]} Nb8 {[%emt 0:00:48]} 22. b5 {[%emt 0:00:11]} c6 {[%emt 0:00:03]} 23. a4 {[%emt 0:00:01]} Nd7 {[%emt 0:00:06]} 24. Bd4 {[%emt 0:00:03]} cxb5 {[%emt 0:00:13]} 25. axb5 {[%emt 0:00:01]} b6 {[%emt 0:00:07]} 26. Rc7 {[%emt 0:00:02]} Nc5 {[%emt 0:00:01]} 27. Rxa7 {[%emt 0:00:11]} Ra8 {[%emt 0:00:05]} 28. Rfa1 {[%emt 0:00:02]} Rxa7 {[%emt 0:00:01]} 29. Rxa7 {[%emt 0:01:58]} Nb3 {[%emt 0:00:05]} 30. Bxb6 {[%emt 0:00:00]} Rb8 {[%emt 0:00:01]} 31. Bc7 {[%emt 0:00:00]} Rc8 {[%emt 0:00:02]} 32. b6 {[%emt 0:00:00]} Nc5 {[%emt 0:00:01]} 33. e4 {[%emt 0:00:00]} Bb7 {[%emt 0:00:02]} 34. Bd6 {[%emt 0:00:00]} 1-0

[Event "European Blitz-ch 2018"]
[Site "Skopje"]
[Date "2018.12.06"]
[Round "9"]
[White "Radovanovic, Nikola"]
[Black "Esipenko, Andrey"]
[Result "1/2-1/2"]
[WhiteElo "2418"]
[BlackElo "2593"]
[Annotator "TA"]
[PlyCount "57"]
[EventDate "2018.12.06"]
[EventType "swiss"]
[EventCountry "MKD"]

{[%evp 27,57,27,31,10,22,27,32,0,24,20,27,26,91,83,91,88,63,62,152,152,147,148,167,122,105,103,101,0,144,0,99,0]} 1. d4 Nf6 2. c4 g6 3. Nc3 Bg7 4. e4 d6 5. Nf3 O-O 6. Be2 e5 7. dxe5 dxe5 8. Qxd8 Rxd8 9. Bg5 Rf8 10. Nd5 Nxd5 11. cxd5 c6 12. Bc4 b5 13. Bb3 Bb7 14. Rc1 Rc8 {LiveBook: 21 Games} 15. O-O {E92: King's Indian: Classical: 6 Be2 e5: 7 dxe5, 7 Be3 and Petrosian System without 7...Nbd7} (15. Be3 a5 16. a3 a4 17. Ba2 b4 18. axb4 Na6 19. dxc6 Bxc6 20. Ng5 Be8 21. Bd5 Rxc1+ 22. Bxc1 Rc8 {0-1 (51) Golod,V (2544)-Becerra Rivero,J (2569) Internet 2004}) 15... c5 16. a4 $146 ({Predecessor:} 16. Bc2 c4 17. a4 b4 18. a5 Nd7 19. Nd2 c3 20. bxc3 Rxc3 21. Nb1 Rcc8 22. Nd2 Rc3 23. Nb1 Rcc8 {½-½ (23) Weber,A (2054)-Geissler,W (2156) GER email 2003}) 16... a6 17. Ne1 {White is slightly better.} Nd7 18. Bd1 c4 19. Bg4 Nc5 (19... f5 $11 20. exf5 Bf6) 20. Bxc8 $16 Rxc8 {[#]} 21. axb5 $1 axb5 22. f3 Nb3 ({Black should play} 22... Bf8 $14) 23. Rd1 f6 24. Be3 Bf8 25. Nc2 Bd6 26. Na1 {Nxb3 is the strong threat.} Nc5 27. Nc2 Nb3 $1 28. Na1 {Hoping for Nxb3.} Nc5 $1 29. Nc2 {Accuracy: White = 56%, Black = 33%.} (29. b4 $16 Na4 30. Nc2) 1/2-1/2

[Event "European Blitz-ch 2018"]
[Site "Skopje"]
[Date "2018.12.06"]
[Round "9"]
[White "Marjanovic, Dejan"]
[Black "Stevic, Hrvoje"]
[Result "0-1"]
[WhiteElo "2400"]
[BlackElo "2587"]
[Annotator "TA"]
[PlyCount "76"]
[EventDate "2018.12.06"]
[EventType "swiss"]
[EventCountry "MKD"]

{[%evp 11,76,-1,10,0,7,0,0,0,0,0,0,0,0,0,0,-13,2,0,-2,-18,-22,-33,-27,-69,-93,-79,-82,-109,-55,-72,-12,-216,-216,-211,-223,-394,-409,-594,-362,-585,-574,-965,-958,-843,-595,-594,-594,-563,-568,-550,-550,-429,-171,-174,-100,-550,-550,-522,-518,-688,-451,-366,0,-5273,-5202,-29998,-29999]} 1. d4 d5 2. Bf4 Bf5 3. e3 e6 4. Nf3 Nf6 5. Nbd2 Bd6 6. Ne5 h6 {LiveBook: 6 Games. D02: 1 d4 d5 2 Nf3 sidelines, including 2...Nf6 3 g3 and 2...Nf6 3 Bf4} 7. Bd3 (7. Be2 {feels hotter.} Nfd7 8. Nxd7 Nxd7 9. Bxd6 cxd6 10. O-O) (7. g4 Bh7 8. h4 Ne4 9. g5 Nxd2 10. Qxd2 Nd7 11. gxh6 gxh6 12. O-O-O Qf6 13. Qc3 O-O-O 14. Bb5 {0-1 (40) Wei,Y (2729)-So,W (2780) chess.com INT 2018}) 7... Bxd3 8. Nxd3 Bxf4 $146 {The position is equal.} ({Predecessor:} 8... O-O 9. O-O b6 10. c4 c5 11. dxc5 bxc5 12. Rc1 Bxf4 13. exf4 Na6 14. Qa4 {0-1 (39) Markova,E (1799)-Mirzoeva,E (2214) Moscow 2012}) 9. exf4 O-O 10. O-O Nc6 {[%cal Bb8c6,Bc6e7,Be7f5,Bf5d6][%mdl 32]} 11. c3 Ne7 12. Re1 Nf5 13. Qb3 Nd6 14. Ne5 b6 15. a4 c5 16. Qa3 Qc7 17. a5 cxd4 18. cxd4 Rfc8 19. g3 Rab8 (19... bxa5 $17 20. Qxa5 Qxa5 21. Rxa5 Rc2) 20. axb6 Rxb6 ({Black should play} 20... Qxb6 $17 21. Qxa7 Qxa7 22. Rxa7 Rxb2) 21. Rec1 $2 (21. Nb3 $11 {and White stays safe.}) 21... Qxc1+ $19 22. Rxc1 Rxc1+ 23. Kg2 $2 (23. Nf1) 23... Rc2 24. Qxa7 (24. Nf1 {was called for.} Nfe4 25. b3) 24... Rb7 25. Qa8+ $2 (25. Qa5 Rbxb2 26. Ndf3) 25... Kh7 26. Nef3 Rbxb2 27. Qf8 Nde4 28. Qxf7 Rxd2 ({Weaker is} 28... Nxd2 29. Ne5 $11) 29. Nxd2 Rxd2 30. Qxe6 Rxf2+ 31. Kg1 Rc2 $2 (31... h5 {aiming for ...Rb2.} 32. Qe7 {[#]} h4 $1 {[%mdl 576] Deflection} 33. gxh4 Rxf4) 32. Qf5+ Kh8 (32... g6 $19 33. Qe5 Rc1+ 34. Kg2 Rc2+ 35. Kg1 Rc1+ 36. Kg2 Rc2+ 37. Kg1) 33. Qe6 $2 {[%mdl 8192]} (33. g4 $17 {was the crucial defense.}) 33... Nd2 34. Qe2 Nfe4 35. Qd3 Rc3 36. Qa6 {If White can now play Qa8+ this consolidates a bit.} Rc2 $2 (36... Kh7 $19 {Threatens to win with ...Nf3+.} 37. Qe6 Nf3+ 38. Kg2 Nf6) 37. Qa8+ $2 {[%mdl 8192]} (37. Qd3 $11 Rc1+ 38. Kg2) 37... Kh7 {[#] ( -> ...Nf3+)} 38. Qxd5 Nf3+ {[%mdl 64] Double Attack, Discovered Attack (Double check). Accuracy: White = 22%, Black = 53%.} 0-1

[Event "European Blitz-ch 2018"]
[Site "Skopje"]
[Date "2018.12.06"]
[Round "9"]
[White "Polivanov, Anatoliy"]
[Black "Popov, Valerij"]
[Result "0-1"]
[WhiteElo "2374"]
[BlackElo "2532"]
[Annotator "TA"]
[PlyCount "51"]
[EventDate "2018.12.06"]
[EventType "swiss"]
[EventCountry "MKD"]

{[%evp 30,51,47,0,70,-74,74,79,59,69,213,-184,-180,-262,-256,-318,-313,-295,-254,-425,-406,-364,-288,-475]} 1. e4 c6 2. d4 d5 3. exd5 cxd5 4. c4 Nf6 5. Nc3 e6 6. Nf3 Be7 7. cxd5 Nxd5 8. Bd3 O-O 9. O-O Nc6 10. a3 Nf6 11. Re1 b6 12. Bg5 Bb7 {D42: Queen's Gambit Declined: Semi-Tarrasch: 5 cxd5 Nxd5 6 e3 Nc6 7 Bd3} 13. Rc1 (13. Bc2 Re8 14. Qd3 g6 15. Rad1 Nd5 16. Bh6 Rc8 17. Ba4 a6 18. Nxd5 Qxd5 19. Qe3 Bf6 20. Bb3 Qd8 21. Ne5 Qe7 {1-0 (40) Kobalia,M (2666)-Jobava,B (2706) Plovdiv 2012}) 13... Rc8 14. Bb1 Re8 15. Qd3 g6 16. Ba2 {LiveBook: 4 Games} Nh5 (16... Nd5 $11 17. Bd2 Nxc3 18. Bxc3 Na5) 17. Ne4 $146 (17. h4 $14 {keeps the upper hand.}) ({Predecessor:} 17. Bh6 Bf6 18. Ne4 Bh8 19. Bg5 {½-½ (33) Manik,M (2407)-Pacher,M (2471) Slovakia 2016}) 17... Nf6 (17... Bxg5 $17 {and life is bright.} 18. Nfxg5 Nxd4 19. Rxc8 Bxc8) 18. Bxf6 $16 Bxf6 19. d5 $1 Bxb2 ({Better is} 19... Bg7 $1 $14) 20. Rb1 $4 {[%mdl 8192]} (20. Rcd1 $18) 20... Ne5 $19 21. Qb3 (21. Qb5 $142 Nxf3+ 22. gxf3 exd5 23. Bxd5 Bxd5 24. Rbd1) 21... Nxf3+ {[%mdl 64] [#] Overworked Piece} 22. Qxf3 {Threatens to win with dxe6.} exd5 23. Rbd1 Rc7 24. Ng3 $2 (24. Qe2 {was called for.} Rce7 {[%mdl 64] Pin} 25. Qxb2 Rxe4 26. Rxe4 Rxe4 27. Bb1) 24... Rxe1+ 25. Rxe1 Rc1 26. Rd1 $2 {Accuracy: White = 20%, Black = 15%.} (26. Rxc1 Bxc1 27. a4) 0-1

[Event "European Blitz-ch 2018"]
[Site "Skopje"]
[Date "2018.12.06"]
[Round "9"]
[White "Saveliev, Alexei"]
[Black "Zajic, Milan"]
[Result "1/2-1/2"]
[WhiteElo "2360"]
[BlackElo "2488"]
[Annotator "TA"]
[PlyCount "154"]
[EventDate "2018.12.06"]
[EventType "swiss"]
[EventCountry "MKD"]

{[%evp 29,154,-20,-23,-56,-7,-14,20,9,15,8,21,-16,-4,-14,99,19,29,19,15,21,77,-76,-86,-59,-73,-184,-33,-147,-159,-165,-162,-150,-144,-146,14,21,161,15,23,-22,143,144,139,132,132,101,266,275,471,482,731,558,710,557,557,557,532,510,557,557,908,895,714,480,472,439,475,118,118,118,118,118,375,372,1213,1034,295,295,295,243,243,243,243,243,243,243,250,0,250,0,268,265,265,0,303,0,295,0,0,0,0,0,0,0,0,0,0,0,0,0,0,0,0,0,0,0,0,0,0,0,0,0,0,0,0,0,0]} 1. e4 e5 2. Nf3 Nc6 3. Bb5 a6 4. Ba4 Nf6 5. O-O Be7 6. Re1 b5 7. Bb3 d6 8. c3 {[%cal Bc2c3,Bc3c4][%mdl 32]} O-O 9. h3 Nb8 10. d4 Nbd7 11. c4 Bb7 12. Nc3 {C95: Closed Ruy Lopez: Breyer Variation with 10 d4} c6 13. c5 (13. a3 h6 14. Be3 Re8 15. Ba2 Bf8 16. Qb3 Qe7 17. Nh4 exd4 18. Nf5 Qd8 19. Bxd4 Re6 20. cxb5 axb5 21. Rad1 Nb6 22. Re3 {1-0 (46) Safarli,E (2664)-Alekseev,E (2633) Nakhchivan 2016}) 13... Qc7 14. cxd6 Bxd6 15. Bg5 exd4 {LiveBook: 4 Games} 16. Nxd4 h6 $146 ({Predecessor:} 16... b4 17. Na4 c5 18. Nf5 Bh2+ 19. Kh1 Nxe4 20. Rxe4 Bxe4 {0-1 (28) La Villa Rivas,M (2206)-Aguilera Rodriguez,A (2308) Santa Clara 2015}) 17. Bh4 Rad8 18. Nf5 Be5 19. Qf3 Kh7 20. Rad1 g6 $1 $36 {[%mdl 2048] White is under pressure.} 21. Ne3 {Black must now prevent Ng4.} g5 (21... Rde8 $11) 22. Qf5+ ({White should try} 22. Bg3 $16) 22... Kh8 $11 23. Bg3 Bxg3 24. fxg3 Qxg3 {[#]} (24... Bc8 $11 {remains equal.}) 25. Ng4 $2 (25. Qf1 $1 $16 {and life is bright.}) 25... Nxg4 $17 26. hxg4 Qe5 $1 27. Rd2 {[#]} (27. Rf1 $17) 27... Qxf5 $2 (27... Bc8 $1 $19 28. Red1 Qe7) 28. gxf5 ({White has to play} 28. exf5 $15 Nf6 29. Rxd8 Rxd8 30. Bxf7) 28... Ne5 29. Red1 Rxd2 30. Rxd2 Kg7 31. Rd6 f6 $2 (31... Rc8 $17 32. Kf2 a5) 32. Ne2 $11 Re8 (32... h5 $1 $11) 33. Nd4 (33. Ng3 $18 {Hoping for Nh5+.} Rf8 34. Nh5+ Kh8 35. Nxf6) 33... Bc8 34. Be6 Kf8 $2 (34... a5 $11) 35. Bxc8 $16 {[%mdl 64] Discovered Attack} Rxc8 36. Rxf6+ {[%mdl 4160] Endgame Double Attack. KRN-KRN} Kg7 37. Re6 Nc4 $2 (37... Rd8 $16 38. Nxc6 (38. Rxe5 Rxd4 39. Re6 h5 $14) 38... Nxc6) 38. Nxc6 $18 Nxb2 $2 (38... Rf8 39. Rg6+ Kh7) 39. Ne5 Rf8 (39... Kf8 $142 40. Nd7+ Kg8 41. Rxh6 Rc1+ 42. Kh2 Rd1) 40. Rg6+ Kh7 41. Ng4 Nd3 42. Rxh6+ Kg7 43. Rg6+ Kh7 44. Rxa6 Nc5 45. Ra7+ Kh8 46. Nf2 g4 {intending ...g3.} 47. g3 Re8 48. Ra5 $2 (48. f6 $18 {is more deadly.}) 48... Nxe4 $16 49. Nxe4 Rxe4 50. Rxb5 {KR-KR} Re1+ $2 {[%mdl 8192]} (50... Ra4 $16) 51. Kf2 $18 Ra1 $2 (51... Re4 52. a3 Rc4) 52. Ra5 Kg7 53. Ra6 Kf7 54. a4 {Strongly threatening Ke3.} Ra3 55. f6 Rf3+ 56. Kg2 Ra3 57. a5 Kg6 58. Kf2 $2 (58. Ra8 $18) 58... Kf7 $2 (58... Rf3+ $1 $11 {and Black has nothing to worry.} 59. Kg2 Ra3) 59. Kg2 Kg6 $1 60. Kh2 Kf7 61. Kg2 Kg6 $1 62. Kf2 Kf7 63. Ke2 $2 (63. Ra8 $18) 63... Rxg3 $11 {The position is equal.} 64. Rb6 Ra3 65. a6 g3 66. Kf1 Ra2 67. Kg1 Kg6 68. Rc6 Kf7 69. Rd6 Kg6 70. Rb6 Kf7 71. Kf1 Kg6 72. Kg1 $1 Kf7 73. Rc6 Kg6 74. Re6 (74. a7 $5) 74... Kf7 75. Rb6 Kg6 76. Rc6 Kf7 77. Rb6 Kg6 {Accuracy: White = 49%, Black = 34%.} 1/2-1/2

[Event "European Blitz-ch 2018"]
[Site "Skopje"]
[Date "2018.12.06"]
[Round "9"]
[White "Galopoulos, Nikolaos"]
[Black "Brkic, Ante"]
[Result "0-1"]
[WhiteElo "2356"]
[BlackElo "2563"]
[Annotator "TA"]
[PlyCount "74"]
[EventDate "2018.12.06"]
[EventType "swiss"]
[EventCountry "MKD"]

{[%evp 21,74,0,13,-40,-36,-37,18,-99,-35,-96,-27,-35,-24,-17,17,-75,-77,-181,-197,-205,-193,-187,-185,-181,-204,-320,-206,-201,-206,-259,-251,-226,-203,-321,-318,-314,-316,-316,-309,-419,-297,-556,-570,-562,-548,-842,-830,-908,-794,-808,-794,-794,-794,-802,-802]} 1. d4 d5 2. c4 e6 3. Nf3 Nf6 4. g3 Bb4+ 5. Nbd2 dxc4 6. Bg2 b5 7. a4 c6 {[%cal Bc7c6,Bc6c5][%mdl 32]} 8. O-O Bb7 9. Qc2 O-O {E04: Open Catalan: 5 Nf3} 10. b3 c3 11. Nb1 bxa4 {LiveBook: 4 Games. The position is equal.} 12. Rxa4 (12. Nxc3 $11 axb3 13. Qxb3) 12... c5 $15 {Hoping for ...Be4.} 13. Nxc3 Bc6 {[#]} (13... a5 $15) 14. Ne1 $146 {[#]} (14. dxc5 $11 {remains equal.} Bxa4 15. Nxa4) ({Predecessor:} 14. dxc5 Bxc3 15. Rh4 Qa5 16. Rc4 Ba1 17. Bd2 {½-½ (50) Kveinys,A (2533)-Gelfand,B (2719) Dresden 2008}) 14... Bxg2 (14... Bxc3 $1 $17 15. Qxc3 Nd5 16. Qxc5 Bxa4 17. bxa4 Nd7) 15. Nxg2 {[#]} (15. Kxg2 $15 Qxd4 16. Bb2) 15... Qxd4 (15... Nc6 $1 $17 {[%cal Rc6d4]} 16. dxc5 Nd4) 16. Na2 Nc6 17. Be3 Qe4 18. Qc1 (18. Qxe4 $11 Nxe4 19. Rc1) 18... Rfc8 $36 {[%mdl 2048] Black has strong initiative.} 19. Bxc5 (19. Qb2 $17 {keeps fighting.}) 19... Nd4 $19 20. Bxd4 Rxc1 21. Rxc1 Qxd4 22. Nxb4 Qb2 23. Rca1 (23. Nd3 {was the only defense.} Qxe2 24. Rxa7) 23... Qxb3 24. Ne3 h5 25. Nc6 {[#]} a6 $1 26. Nb4 {[#]} (26. Rxa6 Rxa6) 26... a5 $1 27. Nc6 (27. Nd3 {was worth a try.}) (27. Rxa5 Rxa5) 27... Qb2 28. R4a2 Qc3 29. Nxa5 Ne4 30. Ra4 Qf6 31. f3 $2 (31. Nd1) 31... Nc3 $1 {[%csl LRa4,LRe2][%mdl 64] Double Attack. Black is clearly winning.} 32. R4a3 Nxe2+ 33. Kf2 Nd4 34. Nec4 {[#]} Nxf3 $1 {[%mdl 512]} 35. Kg2 (35. Rxf3 Qxa1) 35... Nd4 36. Rf1 Nf5 37. Raf3 Qd4 {Accuracy: White = 26%, Black = 55%.} 0-1

[Event "European Blitz-ch 2018"]
[Site "Skopje"]
[Date "2018.12.06"]
[Round "9"]
[White "Gouloutis, Nikolaos"]
[Black "Stojanovski, Dejan"]
[Result "0-1"]
[WhiteElo "2353"]
[BlackElo "2430"]
[Annotator "TA"]
[PlyCount "62"]
[EventDate "2018.12.06"]
[EventType "swiss"]
[EventCountry "MKD"]

{[%evp 20,62,29,23,70,20,12,27,17,-84,-52,-84,-83,-58,-36,-70,-20,-26,-12,-31,-8,-11,-2,-15,0,-9,53,-124,-122,-112,-123,-119,-132,-133,-135,-213,-218,-198,-205,-365,-363,-804,-804,-804,-800]} 1. d4 Nf6 2. c4 c5 3. d5 b5 4. Qc2 d6 5. e4 bxc4 6. Bxc4 g6 7. Nf3 Bg7 8. O-O O-O 9. h3 Nbd7 10. Re1 {A57: Benko/Volga Gambit} Rb8 11. Nc3 {LiveBook: 28 Games} Qa5 (11... Nh5 12. Be2 Ne5 13. Nxe5 Bxe5 14. Bxh5 gxh5 15. Bh6 Re8 16. Qd2 Kh8 17. Bf4 Bd4 18. Be3 {0-1 (63) Dreev,A (2644)-Perunovic,M (2622) Berlin 2015}) 12. Bf1 $146 {White is slightly better.} ({Predecessor:} 12. Bd2 Qc7 13. Nb5 Qb7 14. Bc3 Nb6 15. Bf1 Bd7 16. Na3 Na4 17. Nc4 Nxc3 18. bxc3 {½-½ (59) Stull,N (2168)-Plachetka,J (2378) Condino 2009}) 12... Ba6 13. Bxa6 Qxa6 14. e5 (14. Bg5 $11) 14... dxe5 15. Nxe5 Nxe5 16. Rxe5 Rb7 17. Rb1 Ne8 18. Re1 Nd6 19. Bg5 Re8 20. b3 h6 $36 {[%mdl 2048] Black has the initiative.} 21. Bf4 Nf5 22. Na4 Nd4 (22... Rc8 $11) 23. Qxc5 $2 {[#]} (23. Qd2 $14 {keeps the upper hand.} Rc8 24. Rbc1 (24. Bxh6 Bxh6 25. Qxh6 c4 $14)) 23... Ne2+ $17 24. Rxe2 Qxe2 25. Qc6 Qb5 26. Rc1 Rd8 27. Nc5 (27. Nc3 $17 Bxc3 28. Rxc3) 27... Rb6 $19 28. Qc7 Rxd5 29. a4 $2 {[#]} (29. Na4 Rb7 30. Qc8+ Kh7 31. Nc3 Bxc3 32. Rxc3) 29... Qc6 30. a5 $2 (30. Na6 Qxc7 31. Nxc7) 30... Qxc7 31. Bxc7 Rc6 {[%mdl 64] Double Attack. Accuracy: White = 15%, Black = 54%.} 0-1

[Event "European Blitz-ch 2018"]
[Site "Skopje"]
[Date "2018.12.06"]
[Round "9"]
[White "Putka, Verners"]
[Black "Dvirnyy, Danyyil"]
[Result "0-1"]
[WhiteElo "2307"]
[BlackElo "2485"]
[Annotator "TA"]
[PlyCount "60"]
[EventDate "2018.12.06"]
[EventType "swiss"]
[EventCountry "MKD"]

{[%evp 24,60,0,-8,0,0,0,-6,-17,-54,-47,-60,-60,-60,-53,-52,-52,-59,-31,-87,-43,-43,-43,-43,-43,-62,-56,-110,-17,-100,-76,-75,-71,-131,-56,-60,-8,-8,-8]} 1. d4 d5 2. Nf3 Nf6 3. g3 g6 4. Bg2 Bg7 5. O-O O-O 6. c4 c6 7. b3 Bf5 8. Bb2 a5 9. Nc3 Ne4 10. Rc1 Nxc3 {D78: Fianchetto Grünfeld: 6 0-0 c6} 11. Bxc3 (11. Rxc3 Be4 12. cxd5 cxd5 13. Ne5 Bxg2 14. Kxg2 Nd7 15. Nxd7 Qxd7 16. Qc2 Rfc8 17. Rc1 Rxc3 18. Qxc3 {½-½ (69) Kuzubov,Y (2699)-Korobov,A (2652) Riadh 2017}) 11... Be4 12. Bh3 Bxf3 13. exf3 {LiveBook: 3 Games} e6 14. Qd2 $146 ({Predecessor:} 14. Re1 Nd7 15. Bf1 {½-½ (15) Sydor,A (2425)-Martinovic,S (2415) Lublin 1977}) 14... Nd7 15. cxd5 cxd5 16. Rc2 Nb8 17. b4 axb4 18. Bxb4 Re8 $1 19. Rb1 Nc6 20. Bc5 Qf6 (20... Ra4 {is more complex.} 21. Rxb7 Qa8 22. Rc7 Bxd4 23. Bd6 Ne5) 21. f4 (21. Rxb7 $15 Nxd4 22. Bxd4 Qxd4 23. Qe1) 21... Nxd4 22. Bxd4 Qxd4 23. Qxd4 Bxd4 24. Rxb7 Rec8 25. Rd2 (25. Rxc8+ $15 Rxc8 26. Rb4) 25... Rc4 (25... Rc1+ $17 26. Kg2 Bc3) 26. g4 (26. Bf1 $11 {keeps the balance.} Rca4 27. Bb5) 26... Bc5 27. f5 Ra3 28. Kg2 ({White should play} 28. Bg2) 28... Rcc3 ({Black should try} 28... g5 $17 {White must now prevent ...h5!} 29. fxe6 fxe6) 29. Rc7 Bd6 (29... Bb4 $15 30. Rxc3 Bxc3) 30. Rxc3 $11 Rxc3 {[%mdl 32768] Accuracy: White = 30%, Black = 50%. . Loss on time!?} 0-1

[Event "European Blitz-ch 2018"]
[Site "Skopje"]
[Date "2018.12.06"]
[Round "9"]
[White "Papasimakopoulos, Alexandros"]
[Black "Saraci, Nderim"]
[Result "1-0"]
[WhiteElo "2191"]
[BlackElo "2382"]
[PlyCount "98"]
[EventDate "2018.12.06"]
[EventType "swiss"]
[EventCountry "MKD"]
[TimeControl "180+2"]

1. d4 {[%emt 0:00:00]} Nf6 {[%emt 0:00:00]} 2. c4 {[%emt 0:00:01]} g6 {[%emt 0:00:01]} 3. f3 {[%emt 0:00:01]} Bg7 {[%emt 0:00:19]} 4. e4 {[%emt 0:00:01]} d6 {[%emt 0:00:02]} 5. Nc3 {[%emt 0:00:01]} O-O {[%emt 0:00:07]} 6. Be3 {[%emt 0:00:01]} e5 {[%emt 0:00:18]} 7. Nge2 {[%emt 0:00:02]} Re8 {[%emt 0:00:28]} 8. d5 {[%emt 0:00:01]} c6 {[%emt 0:00:12]} 9. Qd2 {[%emt 0:00:01]} cxd5 {[%emt 0:00:04]} 10. cxd5 {[%emt 0:00:01]} a6 {[%emt 0:00:06]} 11. g4 {[%emt 0:00:02]} b5 {[%emt 0:00:02]} 12. Ng3 {[%emt 0:00:02]} Nfd7 {[%emt 0:00:53]} 13. h4 {[%emt 0:00:01]} b4 {[%emt 0:00:01]} 14. Nd1 {[%emt 0:00:13]} Nc5 {[%emt 0:00:10]} 15. Qxb4 {[%emt 0:00:21]} Nbd7 {[%emt 0:00:01]} 16. Qd2 {[%emt 0:00:08]} a5 {[%emt 0:00:02]} 17. Nc3 {[%emt 0:00:06]} Ba6 {[%emt 0:00:06]} 18. h5 {[%emt 0:00:46]} Bxf1 {[%emt 0:00:11]} 19. Nxf1 {[%emt 0:00:10]} a4 {[%emt 0:00:10]} 20. hxg6 {[%emt 0:00:16]} fxg6 {[%emt 0:00:02]} 21. Qh2 {[%emt 0:00:01]} Nf8 {[%emt 0:00:08]} 22. Bxc5 {[%emt 0:00:01]} dxc5 {[%emt 0:00:01]} 23. Nd2 {[%emt 0:00:14]} Qb6 {[%emt 0:00:04]} 24. O-O-O {[%emt 0:00:16]} Reb8 {[%emt 0:00:10]} 25. Ndb1 {[%emt 0:00:02]} c4 {[%emt 0:00:06]} 26. Rd2 {[%emt 0:00:17]} Qc5 {[%emt 0:00:03]} 27. g5 {[%emt 0:00:01]} a3 {[%emt 0:00:02]} 28. bxa3 {[%emt 0:00:10]} Rxa3 {[%emt 0:00:02]} 29. Rc2 {[%emt 0:00:13]} Raa8 {[%emt 0:00:03]} 30. Qf2 {[%emt 0:00:01]} Qa5 {[%emt 0:00:01]} 31. Rb2 {[%emt 0:00:10]} Nd7 {[%emt 0:00:02]} 32. Qh2 {[%emt 0:00:08]} Nc5 {[%emt 0:00:02]} 33. Rxb8+ {[%emt 0:00:05]} Rxb8 {[%emt 0:00:01]} 34. Qxh7+ {[%emt 0:00:05]} Kf7 {[%emt 0:00:01]} 35. Qh3 {[%emt 0:00:01]} Qb4 {[%emt 0:00:05]} 36. Rh2 {[%emt 0:00:03]} Rh8 {[%emt 0:00:02]} 37. Qg2 {[%emt 0:00:03]} Nd3+ {[%emt 0:00:01]} 38. Kd1 {[%emt 0:00:02]} Nf4 {[%emt 0:00:03]} 39. Qb2 {[%emt 0:00:03]} Qxb2 {[%emt 0:00:02]} 40. Rxb2 {[%emt 0:00:01]} Rh1+ {[%emt 0:00:01]} 41. Kd2 {[%emt 0:00:06]} Rh2+ {[%emt 0:00:01]} 42. Ne2 {[%emt 0:00:03]} Rxe2+ {[%emt 0:00:02]} 43. Kc3 {[%emt 0:00:00]} Re3+ {[%emt 0:00:02]} 44. Kxc4 {[%emt 0:00:02]} Rxf3 {[%emt 0:00:01]} 45. Rb7+ {[%emt 0:00:00]} Kg8 {[%emt 0:00:02]} 46. Nc3 {[%emt 0:00:03]} Rf1 {[%emt 0:00:02]} 47. a4 {[%emt 0:00:02]} Ra1 {[%emt 0:00:03]} 48. d6 {[%emt 0:00:01]} Ne6 {[%emt 0:00:03]} 49. Re7 {[%emt 0:00:02]} Nxg5 {[%emt 0:00:00]} 1-0